00505nam a2200181 a 4500001001300000003000900013005001700022008004100039020002300080082001600103100002500119245007700144260003300221300000900254500003500263505001000298650001500308nice12345678IN_TiNIC20260116012931.0050524s1987 laha grp 000 0 eng  a0913321 c10000a297.86bMOH aMohammad, Hafiz Sher aAhmadiyya Caseb Famous Religious Court Case in Cape Town Between Lahore aLahore bNo Publisher c1987 a358p aincludes index and biblioraphy2 aIndex aAhmadiyyah